[Event "Sofia MTel Masters 2nd"]
[Site "Sofia"]
[Date "2006.05.11"]
[Round "1"]
[White "Svidler, Peter"]
[Black "Topalov, Veselin"]
[Result "1/2-1/2"]
[WhiteElo "2743"]
[BlackElo "2804"]
[Annotator "Ftacnik,L"]
[PlyCount "142"]
[EventDate "2006.05.11"]
[EventType "tourn"]
[EventRounds "10"]
[EventCountry "BUL"]
[EventCategory "20"]
[SourceTitle "CBM 113"]
[Source "ChessBase"]
[SourceDate "2006.07.31"]
[SourceVersion "1"]
[SourceVersionDate "2006.07.31"]
[SourceQuality "1"]

1. e4 c5 2. Nf3 d6 3. d4 cxd4 4. Nxd4 Nf6 5. Nc3 a6 6. Be3 e6 7. f3 b5 8. Qd2
b4 {Topalov insists on using his own pet line with active play before the
pieces have been developed. White feels some discomfort since his pieces will
have to be regrouped.} 9. Nce2 e5 10. Nb3 Nc6 11. Ng3 {The knight eyes the
perfect square f5, but two other concepts have been tried against this set up.
Both begin with pawn advances, but one is aimed at queenside 11.c4 and the
other one at the kingside 11.g4.} (11. c4 Be6 (11... Be7 12. Ng3 g6 13. Bd3 Nd7
14. Rd1 O-O 15. Qf2 a5 16. O-O a4 17. Nc1 Nc5 18. Bb1 Qc7 $11 {0-1 Kramnik,V 
(2753)-Topalov,V (2778)/Sofia 2005/ (34)}) 12. Ng3 Be7 13. Nf5 Bxf5 14. exf5 a5
15. Rd1 Rc8 16. Bd3 a4 17. Nc1 d5 18. cxd5 Nxd5 19. Ba6 Nxe3 20. Qxe3 $16 {
1/2 Varga,Z (2525)-Papp,G (2474)/Austria 2005/ (53)}) (11. g4 h6 12. Ng3 Be6
13. h4 (13. Rd1 g6 14. Qf2 Qc7 15. h4 h5 16. g5 Nd7 17. Bd3 Be7 18. Nd2 $15 {
1/2 Papp,G (2474)-Valeanu,E (2398)/Belfort 2005/}) (13. O-O-O Qc7 14. Kb1 a5
15. h4 a4 16. Nc1 d5 17. Bb5 d4 18. Bf2 Qb6 19. Qe2 Ra5 20. Bc4 $11 {1/2
Sakelsek,T (2418)-Kurnosov,I (2517)/Cappelle la Grande 2006/ (58)}) 13... d5
14. exd5 Nxd5 15. O-O-O Qc7 16. Bd3 a5 17. Nc5 Bxc5 18. Bxc5 O-O-O 19. Nf5 g6
20. Ng7 $14 {1-0 Naiditsch,A (2626)-Palac,M (2574)/Warsaw 2005/ (48)}) 11...
Be6 12. O-O-O Qc7 (12... Be7 13. Nf5 Bxf5 14. exf5 d5 15. Bg5 Qb6 16. h4 d4 17.
Bxf6 Bxf6 18. g4 e4 19. Qf4 O-O 20. g5 Be5 21. Qxe4 $16 {1/2 Morozevich,A 
(2721)-Grischuk,A (2717)/Monte Carlo 2006/ (37)}) 13. f4 $146 {Svidler is
often inspired at the board, White certainly understands the need to act
quickly before Black manages to finish his kingside development.} (13. Kb1 a5
14. Bb5 a4 15. Nc1 Qb7 16. Bxc6+ Qxc6 17. Nd3 Rb8 18. b3 Qb5 19. f4 Be7 20.
fxe5 dxe5 $15 {1-0 Borisek,J (2509)-Gallagher,J (2544)/Gothenburg 2005/ (35)})
13... h5 $1 14. h4 a5 15. f5 $6 {Dubious decision, since the structure in the
center will now favour Black. White has no way of quickly benefitting from the
weakness of the d5 square.} (15. fxe5 $5 dxe5 16. Bb5 Be7 (16... a4 17. Na5 Bd7
18. Nc4 $14) 17. Nc5 Bg4 $11) 15... Bd7 16. Kb1 Rb8 17. Be2 Na7 (17... Be7 18.
Qd3 a4 19. Nd2) (17... a4 18. Nc1 Be7 19. Bf3 a3 $13) 18. Bxa7 $5 {Both
players might have regretted their last moves to some degree. Topalov has won
the bishops pair, but White will now act a bit on white squares.} Qxa7 19. Qd3
Bb5 20. Qf3 (20. Qxb5+ Rxb5 21. Bxb5+ Ke7 $17) 20... Bc6 $1 21. Nd2 Qc5 22. Nb3
Qb6 23. Nd2 Be7 $1 24. Nc4 Qc5 25. Ne3 a4 26. Bc4 Bd8 (26... Ng4 27. Nxg4 hxg4
28. Qe2 $13) 27. b3 $6 {Svidler is too willing to fix his structure, it seems
better to wait for a3 with 27.Rd3 keeping the queenside bit more closed.} (27.
Rd3 a3 28. b3 Rc8 $15) 27... Bb6 28. Rd3 axb3 29. cxb3 (29. axb3 $2 Ra8 $17) (
29. Bxb3 Bb5 $17) 29... Ra8 30. Rc1 Qa5 31. Rc2 Ke7 $5 {Topalov certainly
knows no fear when going for win, the king in the center is less safe than it
may seem.} 32. Nd5+ $2 {Svidler has missed his chance to force equality with
the better version of the same idea.} (32. Bd5 $1 Bb5 (32... Bxd5 $2 33. Nxd5+
Nxd5 34. Rxd5 Qa7 35. f6+ $1 $18) 33. Bxa8 Bxd3 34. Nd5+ Nxd5 35. f6+ $1 (35.
Qxd3 Nc3+ 36. Rxc3 bxc3 $19) 35... gxf6 (35... Nxf6 36. Nf5+ Kf8 37. Qxd3 Bc7 (
37... Bc5 38. Nxd6 g6 39. Bc6 $16) 38. Nxd6 Kg8 39. Bb7 Bxd6 40. Qxd6 Kh7 $11)
36. Nf5+ Kf8 37. Qxd3 Nc3+ 38. Rxc3 (38. Ka1 Bd4 39. Nxd4 exd4 40. Bd5 Qc5 $17)
38... bxc3 39. Qxd6+ Kg8 40. Qxf6 c2+ 41. Kxc2 Qxa2+ 42. Kc1 Qa3+ 43. Kc2 Qa2+
$11) 32... Bxd5 (32... Nxd5 $2 33. Bxd5 Bxd5 34. f6+ $1 $18) 33. Bxd5 Rac8 34.
Rxc8 (34. Bc4 Bd4 35. Rcd2 Rxc4 36. bxc4 b3 37. Re2 bxa2+ 38. Rxa2 Rb8+ 39. Rb3
Rxb3+ 40. Qxb3 Qe1+ 41. Kc2 Qf2+ 42. Kb1 Qg1+ 43. Kc2 Qxg2+ 44. Kd1 $11) 34...
Rxc8 35. Bc4 Rh8 $1 (35... Qc5 36. Nxh5 Qg1+ 37. Rd1 (37. Kc2 Nxh5 38. Qxh5
Qxg2+ 39. Kd1 Rxc4 40. bxc4 Qxe4 $17) 37... Nxe4 $1 38. Rxg1 Nd2+ 39. Kc2 Nxf3
$15) 36. Rd2 Qc5 37. Qd1 $2 {The time trouble takes it´s toll, the defender
has missed the best chance for showing true resistance.} (37. Rc2 Qg1+ 38. Rc1
Qe3 39. Be2 Qxf3 40. Bxf3 Bf2 41. Nf1 Kd7 $15) 37... Ba7 $6 (37... Qe3 $1 38.
Rd3 (38. Rxd6 Bd4 $19) 38... Qf2 39. Qc2 (39. Rxd6 Bd4 40. Rxd4 Qxd4 41. Qxd4
exd4 $17) 39... Rc8 40. Qxf2 Bxf2 $17) 38. Rc2 Qe3 39. Bd3 $1 Bc5 40. Qf3 Rd8
41. Be2 Qf4 (41... Qxf3 42. Bxf3 g6 43. fxg6 fxg6 44. Ne2 $15) 42. Nxh5 (42.
Qxf4 exf4 43. Nxh5 Nxe4 44. Nxf4 Nc3+ 45. Rxc3 bxc3 46. Nd5+ Kf8 47. Bb5 (47.
Nxc3 Re8 $15) 47... g6 $13) 42... Qxh4 (42... Qxe4 43. Nxf6 Qxf3 44. Ng8+ $1
Rxg8 45. Bxf3 Kf6 46. Be4 Rh8 47. g3 $15) 43. Nxf6 gxf6 $1 {Topalov has great
phantasy in playing for win, opposite coloured bishops can be very unpleasant
for the white king.} 44. g3 Qg5 45. Qg4 Rh8 $1 (45... Qxg4 46. Bxg4 Rg8 47. Be2
Rxg3 48. Bc4 $11) 46. Qxg5 fxg5 47. Bg4 $1 {Fortunatelly for white this
defensive set up is very difficult for breaking up.} Kf6 48. Rc1 Rh2 49. Rc2
Rh6 (49... Rxc2 50. Kxc2 Bf2 51. Kd3 Bxg3 52. Kc4 $11) 50. Rc1 Bf2 51. Rd1 $1
Kg7 (51... Ke7 52. Rd3 Rh2 53. f6+ Kxf6 54. Rxd6+ Kg7 55. Rd2 Rh1+ 56. Rd1 Rh8
57. Rd3 Be1 $17) 52. Rd3 Bd4 (52... Rh1+ 53. Rd1) 53. Kc2 Kf6 54. Rd2 Rh1 55.
Rd1 Rh8 56. Kd3 $1 {Finally the worst is over for Svidler and the rest is not
so difficult for him.} Rc8 57. Ke2 Rc3 58. Rd3 Rc5 59. Bf3 $15 Ke7 60. Rd2 Rc3
61. Rd3 Rc8 62. Rd2 Rh8 63. Kf1 Rc8 64. Ke2 Rg8 65. Kf1 Rh8 66. Rc2 Bc5 67. Kg2
Kf6 68. Be2 Rh7 69. Rc1 Rh8 70. Rc2 Rh7 71. Rc1 Rh8 1/2-1/2

[Event "Dos Hermanas-B"]
[Site "Dos Hermanas"]
[Date "2005.04.07"]
[Round "7"]
[White "Rodriguez Guerrero, Enrique"]
[Black "Cheparinov, Ivan"]
[Result "1/2-1/2"]
[WhiteElo "2449"]
[BlackElo "2621"]
[Annotator "Ftacnik,L"]
[PlyCount "48"]
[EventDate "2005.04.01"]
[EventType "tourn"]
[EventRounds "9"]
[EventCountry "ESP"]
[EventCategory "10"]
[SourceTitle "CBM 107"]
[Source "ChessBase"]
[SourceDate "2005.08.01"]
[SourceVersion "1"]
[SourceVersionDate "2005.08.01"]
[SourceQuality "1"]

1. e4 c5 2. Nf3 e6 3. d4 cxd4 4. Nxd4 Nf6 5. Nc3 d6 6. Be3 a6 7. f3 b5 8. g4 h6
9. Qd2 b4 10. Na4 Nbd7 11. O-O-O Ne5 12. b3 Bd7 (12... d5 13. Bf4 Bd6 14. Bxe5
Bxe5 15. Nc6 Qc7 16. Nxe5 Qxe5 17. Qxb4 dxe4 18. Nb6 Rb8 19. Kb1 Qc7 20. Qa4+
Kf8 21. Nxc8 Rxc8 22. Qc4 {1-0 Anand,V-Topalov,V/Linares 2005/ (59)}) 13. Nb2
d5 14. Bf4 Nxf3 $5 15. Nxf3 Nxe4 16. Qd4 Qa5 {[%mdl 4] The ways of modern
chess theory are pretty remarkable, black sacrifices the knight for two pawns
and good tactical chances.} (16... f6 17. Bd3 Bc5 18. Bxe4 Bxd4 19. Bg6+ Kf8
20. Rxd4 a5 21. Re1 Be8 22. Nh4 e5 23. Rd2 {1/2-1/2 Anand,V-Topalov,V/Sofia
2005/ (60)}) 17. Bd3 Nc3 18. Rde1 Qxa2 19. Nd1 (19. Na4 Bxa4 20. bxa4 Qxa4 $17)
19... Qa1+ 20. Kd2 Nb1+ 21. Kc1 {The only way to continue the fight for white
was the move 21.Ke3!? with unclear position. Rodriguez Guerrero was probably
grateful to have escaped possible great complication against much higher rated
opponent.} (21. Ke3 $5 Qxd4+ (21... Qa5 22. Ke2 Na3 23. Kf1 Qc5 $14) 22. Nxd4
f6 23. c4 dxc4 24. Bxb1 e5 $13) 21... Nc3+ 22. Kd2 Nb1+ 23. Kc1 Nc3+ 24. Kd2
Nb1+ 1/2-1/2

[Event "Julian Borowski-B 4th"]
[Site "Essen"]
[Date "2002.05.24"]
[Round "8"]
[White "Naiditsch, Arkadij"]
[Black "De Gleria, Francesco"]
[Result "1-0"]
[WhiteElo "2557"]
[BlackElo "2419"]
[Annotator "Ftacnik,L"]
[PlyCount "79"]
[EventDate "2002.05.16"]
[EventType "tourn"]
[EventRounds "9"]
[EventCountry "GER"]
[EventCategory "16"]
[SourceTitle "CBM 090"]
[Source "ChessBase"]
[SourceDate "2002.09.20"]
[SourceVersion "1"]
[SourceVersionDate "2002.09.20"]
[SourceQuality "1"]

1. e4 c5 2. Nf3 d6 3. d4 cxd4 4. Nxd4 Nf6 5. Nc3 a6 6. f3 e6 7. Be3 b5 8. g4
Nfd7 9. Qd2 Nb6 10. O-O-O N8d7 11. Ndxb5 axb5 12. Nxb5 Rb8 {New move in the
critical line for the whole set up with Nb6,Nd7. In case that 11.Ndxb5 is
correct, black will have to look for other ways to meet dangerous English
attack.} (12... Rxa2 13. Kb1 Ra8 14. Nxd6+ Bxd6 15. Qxd6 Na4 16. Bb5 Qe7 17.
Qd4 e5 18. Qd5 Nc3+ 19. bxc3 Rb8 20. Rd3 O-O 21. c4 Nb6 22. Qc5 Qf6 23. g5 {
1-0 Grischuk,A-Dvoirys,S/Moscow 2002/ (23)}) (12... Ba6 13. Nxd6+ Bxd6 14. Qxd6
Bxf1 (14... Nc4 15. Bxc4 Bxc4 16. a3 (16. Qd4 Be2 17. Qxg7 Qf6 18. Qxf6 Nxf6
19. Rde1 Bxf3 20. Rhf1 Bxg4 21. Bd4 Rxa2 22. Kb1 Ra8 23. Bxf6 Rg8 24. Re3 Kd7
25. b3 Kc6 26. Rf2 {Shirov,A-Georgiev,Kir/FIDE GP Dubai rap/ 2002/ 1-0 (46)})
16... Be2 17. Rd2 Bxf3 18. Rf1 Bxe4 19. Rfd1 Bd5 20. Rxd5 exd5 21. Re1 Ne5 22.
Qxe5+ Kf8 23. Bd4 f6 24. Qe6 Rc8 25. Bb6 {1-0 Goloshchapov,A-Aroshidze,L/
Batumi 2002/ (25)}) 15. Bxb6 Qg5+ (15... Nxb6 16. Qc6+ Nd7 17. Rxd7 Qg5+ 18.
Kb1 Qb5 19. Qxa8+ Kxd7 20. Qa7+ Ke8 21. Qf2 Bc4 22. b3 Qb7 23. Qd4 Be2 24. Qxg7
Rf8 25. Qc3 {1-0 Adla,D-Costa,J/Orense 2002/ (36)}) 16. f4 Qb5 17. Rhxf1 Rxa2
18. b3 Ra6 19. c4 Qxb6 20. Qxd7+ Kf8 21. Kb2 Ra8 22. Qd6+ Qxd6 23. Rxd6 h5 24.
g5 {1-0 Popovic,D-Genov,P/Subotica 2002/ (36)}) 13. Nxd6+ Bxd6 14. Qxd6 Qe7 (
14... Na4 $2 15. Qxb8 Nxb8 16. Rxd8+ Kxd8 17. b3 Nc3 18. Bd2 Nxa2+ 19. Kb2 $18)
(14... Qf6 15. g5 Qe7 (15... Qxf3 16. Bc5 $18) 16. Bb5 $16) 15. Bb5 Qxd6 16.
Rxd6 Ke7 17. Rhd1 h5 (17... h6 18. a4 $16) 18. g5 Nd5 19. Rxd7+ (19. R1xd5 exd5
20. Rxd5 Ra8 21. a3 Rd8 $15) 19... Bxd7 20. Bc5+ Ke8 21. Bxd7+ Kxd7 22. exd5
exd5 (22... Ra8 23. dxe6+ Kxe6 24. a3 $16) 23. Bd4 $1 {[%mdl 4096] Excellent
move, white has no wish to exchange the rooks in 23.Rxd5+ line. Black has to
defend g7 pawn, so Naiditsch is winning tempo for the pawn march.} (23. Rxd5+
Kc6 24. c4 Rbd8 $1 25. Rf5 g6 26. Re5 Rhe8 $13) 23... Rhg8 24. a4 Ra8 (24...
Rb4 25. b3 Kc6 26. Kb2 $16) 25. b3 Ke6 26. Re1+ Kf5 27. Re5+ Kf4 28. Rxd5 Kxf3
(28... Rgd8 29. Rxd8 Rxd8 30. Bxg7 Kxf3 31. b4 $16) 29. Bc3 (29. c3 Kg2 (29...
Ke4 30. Re5+ Kf4 31. Re7 $18) 30. Rf5 Kxh2 31. Rxf7 h4 $132) 29... h4 (29...
Kg2 30. Rd2+ Kh3 31. Rf2 $18) 30. a5 Ke4 {Black is still hoping to get
counterplay against the weak h2 pawn.} (30... Kg2 31. Rd2+ Kh3 32. b4 $18) 31.
Rd4+ Kf5 32. Bd2 h3 33. b4 Rgb8 34. Rd3 (34. c4 f6 35. gxf6 gxf6 36. b5 $18)
34... Kg4 35. c4 Re8 36. Re3 {Probably not the best move, 36.Rg3+!? seems very
tempting as the king has to decide which way to go.} (36. Rg3+ $5 Kf5 37. Rxh3
(37. Re3 $2 Rxe3 38. Bxe3 Ke4 $11) 37... Rh8 38. Rf3+ $18) 36... Rxe3 37. Bxe3
Kf3 (37... Rc8 38. Kb2 $5 (38. Bc5 Kxg5 39. a6 Kf5 40. a7 Ke6 41. b5 Kd7 $13) (
38. c5 Kf3 39. Bd4 Rb8 40. Bc3 Ke4 41. Kd2 Kd5 42. Kd3 $16) 38... Rxc4 39. Kb3
Re4 40. Bc5 Re6 41. b5 Re5 42. Kc4 Re2 43. Bd6 $16) 38. Bc5 Rd8 (38... Ke4 39.
Kd2 f6 40. gxf6 gxf6 41. Kc3 f5 42. b5 Rxa5 43. b6 Ra8 44. Bd6 f4 45. b7 $18)
39. a6 Kg2 40. a7 (40. a7 Kxh2 41. Bd6+ Kg1 42. b5 Rxd6 43. a8=Q h2 44. Qa3
h1=Q 45. Qxd6 $18) 1-0

[Event "Dubai op"]
[Site "Dubai"]
[Date "2001.04.17"]
[Round "3"]
[White "Kunte, Abhijit"]
[Black "Gadjily, Raouf"]
[Result "1-0"]
[WhiteElo "2568"]
[BlackElo "2425"]
[Annotator "Ftacnik,L"]
[PlyCount "45"]
[EventDate "2001.04.15"]
[EventType "swiss"]
[EventRounds "9"]
[EventCountry "UAE"]
[SourceTitle "CBM 083"]
[Source "ChessBase"]
[SourceDate "2001.07.05"]
[SourceVersion "1"]
[SourceVersionDate "2001.07.05"]
[SourceQuality "1"]

1. e4 c5 2. Nf3 d6 3. d4 cxd4 4. Nxd4 Nf6 5. Nc3 a6 6. f3 e6 7. Be3 b5 8. g4
Bb7 9. Qd2 Nfd7 10. O-O-O Nb6 11. Bd3 N8d7 12. Kb1 Rc8 13. g5 Ne5 14. Qe1 (14.
f4 Nec4 (14... Nbc4 15. Qe2 Nxd3 16. cxd3 b4 17. Na4 Qa5 18. dxc4 Bxe4+ 19. Nc2
Qxa4 {0-1 De la Riva Aguado,O-Simutowe,A/Istanbul/ 2000/ (36)}) 15. Qf2 (15.
Bxc4 Nxc4 16. Qd3 b4 (16... Nxe3 17. Qxe3 Be7 18. Rhg1 b4 19. Nce2 Qb6 20. Qd3
a5 21. f5 e5 22. f6 {1-0 Paehtz,E-Krupkova,P/Dresden/2000/ (40)}) 17. Nce2 Nxe3
18. Qxe3 Qb6 19. Ng3 e5 20. fxe5 dxe5 21. Ndf5 Qxe3 22. Nxe3 h6 {1/2-1/2
Doncevic,D-Coenen,N/Germany/1996/ (59)}) 15... Nxe3 16. Qxe3 Nc4 (16... Be7 17.
h4 b4 18. Nce2 Nc4 19. Qg3 d5 20. e5 g6 21. h5 {1-0 Ayas Fernandez,A-Vehi Bach,
V/Barcelona/ 1995/ (28)}) 17. Bxc4 Rxc4 18. Rhe1 Be7 19. h4 b4 (19... Qb6 20.
Qd3 Qc7 21. f5 {1-0 Fogarasi,T-Belotti,B/Buekfuerdo/1995/ (43)}) 20. Nce2 O-O
21. Ng3 Re8 {0-1 Vatter,H-Wojtkiewicz,A/Bern/1992/ (30)}) (14. Qe2 Rxc3 15.
bxc3 Qc7 16. f4 Nec4 17. Bxc4 Nxc4 18. Bc1 Be7 19. Rhf1 Nb6 20. f5 Na4 21. Bb2
{1-0 Thorhallsson,T-Shipov,S/Internet ICC/2000/ (29)}) 14... Nbc4 (14... Be7
15. h4 Nec4 16. Bc1 O-O 17. g6 hxg6 18. h5 g5 19. Rg1 Bf6 20. Nce2 d5 21. f4
gxf4 22. h6 g5 {1/2-1/2 Staszko,M-Blazkova,P/Trinec/1998/ (48)}) 15. f4 (15.
Bc1 Qb6 16. Nce2 d5 17. Rf1 Bc5 18. Bxc4 Nxc4 19. exd5 Bxd5 20. Nf4 O-O 21.
Nxd5 exd5 22. Qh4 Rfe8 23. Nf5 {1/2-1/2 Neber,A-Kulcsar,T/HUN/2000/ (23)})
15... b4 $5 {Black is well prepared for the queenside action, so he can even
afford to play aggressively.} (15... Nxd3 16. cxd3 Nxe3 17. Qxe3 Qb6 18. f5 Be7
19. h4 e5 20. Nc2 Bd8 {1/2-1/2 Mamedov,R-Odeev,H/Dubai/2001/ (43)}) 16. Na4 (
16. fxe5 Nxe3 17. Qxe3 bxc3 18. exd6 Bxd6 $15) 16... Qa5 (16... Nxd3 17. cxd3
Nxe3 18. Qxe3 e5 19. fxe5 dxe5 20. Nf3 $15) 17. fxe5 Nxe3 (17... dxe5 18. Bxc4
exd4 (18... Rxc4 $2 19. Nxe6 fxe6 (19... Qxa4 20. b3 $18) 20. Qd2 Qc7 21. Bb6
$18) 19. Rxd4 Qxa4 20. Qf2 $11) 18. Qxe3 Qxa4 (18... dxe5 19. Nxe6 fxe6 20. Nb6
Bc5 21. Nc4 $14) 19. exd6 Bxd6 20. Rhf1 Qa5 $2 {[%mdl 128] In sharp positions
one innaccuracy can easily have fatal consequences, black could not have
dreamed about the immediate disaster he will be facing.} (20... Bc5 $1 21. Qf4
O-O 22. Bc4 Qe8 23. e5 $11) (20... Rc7 21. g6 hxg6 22. Nxe6 fxe6 23. e5 Bd5 24.
Bxg6+ Kd7 25. b3 Qc6 26. exd6 Qxd6 $13) 21. Qh3 $1 Be5 (21... Qe5 22. g6 $1
fxg6 23. Nf3 Qf6 24. e5 Bxe5 25. Nxe5 Qxe5 26. Bxg6+ $18) (21... Qxg5 22. Rxf7
$1 $18) 22. Rxf7 $1 Qb6 (22... Kxf7 23. Qxe6+ Kf8 24. Rf1+ Bf6 25. gxf6 $18) (
22... Bxd4 23. Qxe6+ Kd8 24. Qd7#) 23. Rxb7 1-0

[Event "Hastings 9394"]
[Site "Hastings"]
[Date "1993.??.??"]
[Round "5"]
[White "Nunn, John DM"]
[Black "Rogers, Ian"]
[Result "1-0"]
[WhiteElo "2590"]
[BlackElo "2595"]
[Annotator "Ftacnik,L"]
[PlyCount "99"]
[EventDate "1993.12.??"]
[EventType "tourn"]
[EventRounds "9"]
[EventCountry "ENG"]
[EventCategory "12"]
[SourceTitle "CBM 039"]
[Source "ChessBase"]
[SourceDate "1994.04.01"]
[SourceVersion "1"]
[SourceVersionDate "1994.04.01"]
[SourceQuality "1"]

1. e4 c5 2. Nf3 d6 3. d4 cxd4 4. Nxd4 Nf6 5. Nc3 a6 6. Be3 e6 7. f3 b5 8. Qd2
Nbd7 9. g4 h6 10. O-O-O Bb7 11. h4 b4 12. Nce2 d5 13. Ng3 Bd6 14. Rg1 $5 (14.
Ngf5 exf5 15. Nxf5 Bf8 16. e5 Nxe5 $1 17. Bd4 Nc6 18. Qe3+ Kd7 $13) 14... Qc7
15. g5 $5 (15. Nh5) (15. f4 Nxg4 16. Nh5 Nxe3 17. Nxg7+ Ke7 18. e5 $13) 15...
hxg5 16. hxg5 Bxg3 17. gxf6 Nxf6 18. Qxb4 Bd6 (18... dxe4 $2 19. Rxg3 $1 Qxg3
20. Qxb7 $18) 19. Qa4+ Kf8 20. Bd3 Nd7 (20... dxe4 21. fxe4 Rh2 $132 (21...
Bxe4 $2 22. Bxe4 Nxe4 23. Nxe6+ fxe6 24. Qxe4 $16)) 21. Nb3 (21. Rh1 Rxh1 22.
Rxh1 Nc5 23. Qa3 Nxe4 $36) 21... Bc6 $2 (21... Ne5 $13) 22. Qa5 Ne5 23. Bc5 $1
Kg8 24. Bxd6 Qxd6 25. Nd4 Bb7 26. Kb1 Rc8 27. Be2 $1 g6 (27... dxe4 $2 28. Nf5
$1) 28. f4 Nc6 29. Qb6 Qc7 (29... Qb4 30. Qxb4 Nxb4 31. a3 Nc6 32. Nxc6 Rxc6
33. exd5 exd5 34. Rxd5 $16) 30. Qxc7 Rxc7 31. exd5 Nxd4 32. Rxd4 exd5 (32...
Bxd5 33. Bxa6 $18) 33. f5 Kg7 34. fxg6 fxg6 35. Bd3 Rh6 36. Rb4 $1 a5 37. Ra4 (
37. Rb6 Bc6 $14) 37... Rc5 38. b4 $1 Bc6 (38... axb4 39. Ra7 Rc7 40. Ba6 Bxa6
41. Rxc7+ $18) 39. b5 $1 Bxb5 40. Rxa5 Bxd3 41. Rxc5 Be4 42. a4 Rh8 43. Kb2 Kf6
44. a5 Ra8 45. Kc3 Ke5 46. Kb4 Kd6 47. c4 d4 (47... dxc4 48. Rd1+ $18) 48. Rg4
Re8 49. Rf4 Re6 50. Rb5 (50. Rb5 d3 51. Rb6+ Bc6 52. Rd4+ Kc7 53. Rxd3) 1-0

[Event "CUB-ch"]
[Site "Las Tunas"]
[Date "2001.04.14"]
[Round "12"]
[White "Gonzalez Vidal, Yuri"]
[Black "Leyva Proenza, Ricardo"]
[Result "1-0"]
[WhiteElo "2426"]
[BlackElo "2400"]
[Annotator "Ftacnik,L"]
[PlyCount "61"]
[EventDate "2001.04.01"]
[EventType "tourn"]
[EventRounds "16"]
[EventCountry "CUB"]
[EventCategory "9"]
[SourceTitle "CBM 083"]
[Source "ChessBase"]
[SourceDate "2001.07.05"]
[SourceVersion "1"]
[SourceVersionDate "2001.07.05"]
[SourceQuality "1"]

1. e4 c5 2. Nf3 d6 3. d4 cxd4 4. Nxd4 Nf6 5. Nc3 a6 6. Be3 e6 7. f3 Nc6 8. Qd2
Be7 9. O-O-O O-O 10. g4 Nd7 11. h4 Nde5 12. Qg2 b5 13. Kb1 Nxd4 14. Bxd4 Nc6
15. Be3 b4 16. Na4 Rb8 17. Qf2 $5 {[%mdl 8] Interesting novelty as white
queens supports the vital diagonal a7-g1and eyes the b6 square.} (17. g5 d5 18.
exd5 exd5 19. f4 d4 20. Bc1 Na7 21. Bd3 Bd7 22. Qe4 g6 {Mober,KJ-Kupreichik,V/
Rilton Cup/1992/ (64)}) 17... d5 $2 18. exd5 exd5 19. Bf4 $1 Qa5 (19... Rb7 20.
Bxa6 $16) (19... Ra8 20. Nb6 Ra7 21. Rxd5 $18) 20. Bxb8 Nxb8 (20... Qxa4 21.
Bc7 $18) 21. b3 Nd7 22. Qa7 Bd6 23. g5 Bb8 {The game is more or less over
since the defender has no real compensation for the sacrificed exchange.} (
23... Ne5 24. Qb6 Qxb6 25. Nxb6 Bb7 26. Nxd5 Nxf3 27. Bg2 Ne5 28. Nf6+ gxf6 29.
Bxb7 $18) 24. Qa8 Qc7 25. Qxd5 Ne5 26. Nc5 Ba7 (26... a5 27. Na6 Bxa6 28. Bxa6
$18) 27. Nxa6 Qc3 28. Nxb4 Nxf3 (28... Qxb4 29. Qxe5 Bb7 30. Bd3 $18) 29. Nc6
Be6 30. Ne7+ Kh8 31. Qd8 $1 1-0

[Event "Linares Anibal op 08th"]
[Site "Linares"]
[Date "2001.01.13"]
[Round "6"]
[White "Meijers, Viesturs"]
[Black "Bruzon Batista, Lazaro"]
[Result "0-1"]
[WhiteElo "2483"]
[BlackElo "2584"]
[Annotator "Ftacnik,L"]
[PlyCount "50"]
[EventDate "2001.01.08"]
[EventType "swiss"]
[EventRounds "11"]
[EventCountry "ESP"]
[SourceTitle "CBM 081"]
[Source "ChessBase"]
[SourceDate "2001.03.20"]
[SourceVersion "1"]
[SourceVersionDate "2001.03.20"]
[SourceQuality "1"]

1. e4 c5 2. Nf3 d6 3. d4 cxd4 4. Nxd4 Nf6 5. Nc3 a6 6. Be3 e6 7. Qf3 Nbd7 8.
O-O-O Qc7 9. Qh3 Nc5 10. f3 b5 11. a3 Rb8 12. g4 Nfd7 13. f4 b4 14. axb4 Rxb4
15. g5 Nb6 {[%mdl 256] Black's counterplay can become very dangerous, as he
has saved tempos by not touching his kingside pieces.} (15... g6 $5 16. Bg2 Qb6
17. b3 Bg7 $15) 16. f5 (16. b3 $2 Nxb3+ 17. Nxb3 Rxb3 $19) 16... Nba4 17. Nxa4
(17. fxe6 fxe6 18. Nxa4 Rxa4 19. c3 e5 20. Nf5 Nxe4 $19) 17... Rxa4 18. Kb1 (
18. fxe6 Nxe4 19. Kb1 fxe6 20. Bg2 e5 21. Qh5+ g6 22. Qe2 Bb7 $19) 18... exf5 (
18... Qa5 19. Nb3 Nxb3 20. cxb3 Rxe4 21. Bg2 Re5 $17) 19. b3 (19. exf5 Qa5 $1
20. Nb3 (20. b3 Ra1+ 21. Kb2 Ra2+ 22. Kb1 Qa3 $19) 20... Nxb3 21. cxb3 Bxf5+
$19) 19... fxe4 20. Qh4 Rb4 21. Bc4 (21. Qe1 Rb8 22. Bf4 Be7 $19) 21... Qb7 22.
g6 $2 {White attempts to turn the tide with desperate measures, but black will
break through.} (22. Kc1 d5 23. Be2 Qc7 $17) 22... Rxc4 23. Qxh7 (23. gxf7+
Kxf7 24. Qd8 Bg4 $1 (24... Nd7 25. Nf5 Nf6 26. Nxd6+ Bxd6 27. Qxh8 Rc6 $19) 25.
Rhf1+ Bf3 $19) 23... Rxh7 24. gxh7 Rc3 25. Rhe1 (25. h8=Q Rxe3 $19) 25... Nxb3
$1 (25... Nxb3 $1 26. cxb3 Rxb3+ 27. Nxb3 Qxb3+ 28. Kc1 Qc4+ 29. Kb2 Qb5+ 30.
Ka1 Qh5 $19) 0-1